000 00386pab a2200157 454500
008 180718b1989 xxu||||| |||| 00| 0 eng d
100 _aBirge, J.R.
245 _aModelling rural police patrol
260 _c1989
300 _a41-54
362 _aJan.
650 _aPolice Patrol
700 _aS.M. Pollock
773 _aJournal of the Operational Research Society
909 _a15210
999 _c15210
_d15210